Maori Numbers - Statistics

General Stats
  • This quiz has been taken 558 times
  • The average score is 9 of 10
Answer Stats
Hint Answer % Correct
2 Rua
98%
1 Tahi
98%
3 Toru
96%
4 Wha
96%
5 Rima
95%
6 Ono
94%
10 Tekau
89%
8 Waru
88%
9 Iwa
86%
7 Whitu
83%
No matching quizzes found
Score Distribution
Percent of People with Each Score
Percentile by Number Answered
Your Score History
You have not taken this quiz